000 00899nam a2200253Ia 4500
003 OSt
005 20221005111412.0
006 a|||||r|||| 00| 0
007 ta
008 221004b |||||||| |||| 00| 0 hin d
020 _c150
024 _a96310
037 _b1214, 02/03/2009, Pioneer Books Distributors
_cTextual
040 _aCRL
_cCRL
_bhin
041 _2hin
_ahin
082 _aY:1, 152P4
100 _aसिन्हा, सच्चिदानन्द
245 0 _aसंस्कृति और समाजवाद
246 _aSanskṛuti aur samājavāda
260 _aनई दिल्ली
_bवाणी प्रकाशन भारत
_c2004
300 _a128पृ0
_ccm.
942 _hY:1, 152P4
_cTEXL
_2cc
999 _c1021740
_d1021740